|
|
|
|
| LEADER |
00000nam0a2200000 4500 |
| 001 |
150449 |
| 005 |
20231101221502.0 |
| 010 |
|
|
|a 9785390000120
|
| 035 |
|
|
|a (RuTPU)RU\TPU\book\163115
|
| 090 |
|
|
|a 150449
|
| 100 |
|
|
|a 20090112d2008 m y0rusy50 ca
|
| 101 |
0 |
|
|a rus
|
| 102 |
|
|
|a RU
|
| 105 |
|
|
|a a j 001zy
|
| 200 |
1 |
|
|a Микроэкономика
|e учебник
|f Ю. В. Тарануха, Д. Н. Земляков
|
| 210 |
|
|
|a Москва
|c КноРус
|d 2008
|
| 215 |
|
|
|a 320 с.
|c ил.
|
| 320 |
|
|
|a Библиография в конце глав.
|
| 330 |
|
|
|a Представлен стандартный курс микроэкономического анализа, который по своему содержанию отвечает действующим Государственным образовательным стандартам по направлению «Менеджмент». Учебник отличают простота и краткость изложения, а также ориентация на развитие компетенций обучающихся. Главы снабжены краткими выводами, решениями типовых задач, списками учебной и дополнительной литературы. Для студентов неэкономических специальностей, изучающих экономическую теорию, а также предпринимателей, стремящихся к углублению представлений о функционировании рынков и овладению принципами принятия хозяйственных решений.
|
| 451 |
|
1 |
|0 (RuTPU)RU\TPU\book\197120
|y 978-5-8018-0408-8
|t Микроэкономика
|o учебник
|f Ю. В. Тарануха
|g МГУ; под ред. А. В. Сидоровича
|c М.
|n Дело и Сервис
|d 2009
|p 608 с.
|a Тарануха, Юрий Васильевич
|
| 451 |
|
1 |
|0 (RuTPU)RU\TPU\book\119908
|y 5-8018-0288-6
|t Микроэкономика
|o учебник
|f Ю. В. Тарануха
|g МГУ; под ред. А. В. Сидоровича
|c М.
|n Дело и Сервис
|d 2006
|p 634 с.
|s Учебники Московского государственного университета им. М. В. Ломоносова
|a Тарануха, Юрий Васильевич
|
| 606 |
1 |
|
|a Микроэкономика
|2 stltpush
|3 (RuTPU)RU\TPU\subj\36419
|9 57809
|
| 610 |
1 |
|
|a экономическая теория
|
| 610 |
1 |
|
|a методология
|
| 610 |
1 |
|
|a рынок
|
| 610 |
1 |
|
|a рыночное равновесие
|
| 610 |
1 |
|
|a ценообразование
|
| 610 |
1 |
|
|a потребительское поведение
|
| 610 |
1 |
|
|a производство
|
| 610 |
1 |
|
|a благосостояние
|
| 610 |
1 |
|
|a монополия
|
| 610 |
1 |
|
|a олигополия
|
| 610 |
1 |
|
|a факторы производства
|
| 610 |
1 |
|
|a рынок труда
|
| 610 |
1 |
|
|a рынок капитала
|
| 610 |
1 |
|
|a жизненный цикл
|
| 610 |
1 |
|
|a внешняя среда
|
| 610 |
1 |
|
|a общественные блага
|
| 610 |
1 |
|
|a общественный выбор
|
| 610 |
1 |
|
|a учебники
|
| 686 |
|
|
|a У012.1я73
|v LBC/SL-A
|2 rubbk
|
| 700 |
|
1 |
|a Тарануха
|b Ю. В.
|g Юрий Васильевич
|
| 701 |
|
1 |
|a Земляков
|b Д. Н.
|g Дмитрий Николаевич
|
| 801 |
|
1 |
|a RU
|b 63413507
|c 20090112
|g PSBO
|
| 801 |
|
2 |
|a RU
|b 63413507
|c 20150731
|g PSBO
|
| 900 |
|
|
|a Микроэкономика
|
| 942 |
|
|
|c BK
|
| 951 |
|
|
|b 080507
|
| 959 |
|
|
|a 3/20090111
|d 2
|e 150,00
|f ЧЗГЛ:1
|f АНЛ:1
|